The psychology of spirituality : (Record no. 63839)

MARC details
000 -LEADER
fixed length control field 00575nam a22001577a 4500
005 - DATE AND TIME OF LATEST TRANSACTION
control field 20120306142757.0
020 ## - INTERNATIONAL STANDARD BOOK NUMBER
International Standard Book Number 8120721322
Terms of availability 00.00
035 ## - SYSTEM CONTROL NUMBER
System control number A-996896
037 ## - SOURCE OF ACQUISITION
Stock number DPL
Source of stock number/acquisition ENG
100 ## - MAIN ENTRY--PERSONAL NAME
Personal name Danesh, H. B.
245 ## - TITLE STATEMENT
Title The psychology of spirituality :
Remainder of title From divided self to integrated self /
Statement of responsibility, etc by H.B. Danesh
260 ## - PUBLICATION, DISTRIBUTION, ETC. (IMPRINT)
Place of publication, distribution, etc New Delhi
Name of publisher, distributor, etc Sterling Paperbacks
Date of publication, distribution, etc 1997
300 ## - PHYSICAL DESCRIPTION
Extent 270p.
Dimensions 18 cms.
942 ## - ADDED ENTRY ELEMENTS (KOHA)
Source of classification or shelving scheme Dewey Decimal Classification
Item type English Books
Classification part 126
Call number suffix DAN
Holdings
Withdrawn status Lost status Not for loan Collection code Home library Current library Date acquired Cost, normal purchase price Full call number Barcode Cost, replacement price Koha item type
      Non-fiction Sarojini Nagar Sarojini Nagar 06/03/2012 0.00 126 DAN A-996896 0.00 English Books

© Delhi Public Library
Hit Counter
free hit counter